Environmental offences (Record no. 75203)

MARC details
000 -LEADER
fixed length control field 01705cab a2200217 4500
001 - CONTROL NUMBER
control field L129668
008 - FIXED-LENGTH DATA ELEMENTS--GENERAL INFORMATION
fixed length control field 050510n2005 000 0 eng u
035 ## - SYSTEM CONTROL NUMBER
System control number (Sirsi) u129668
041 ## - LANGUAGE CODE
Language code of text/sound track or separate title eng
100 ## - MAIN ENTRY--PERSONAL NAME
Personal name Parpworth, Neil
245 ## - TITLE STATEMENT
Title Environmental offences
Remainder of title utilising civil penalties
260 ## - PUBLICATION, DISTRIBUTION, ETC.
Date of publication, distribution, etc. 2005
490 ## - SERIES STATEMENT
Series statement Journal of Planning and Environment Law
Volume/sequential designation May 2005, 560-583(24)
520 ## - SUMMARY, ETC.
Summary, etc. Discusses the penalties imposed for environmental offences and considers whether the offending forms of conduct might be more satisfactorily punished by the use of some system of civil penalties. Notes the strict liability nature of many environmental offences and suggests that the courts, in their logically unsustainable distinction between real and quasi crimes in this context, have issued quite confusing signals. Refers to the general level of fines imposed by the courts for environmental offences and subjects the commonly held view that the penalties are lower than they should be to critical analysis. Examines the potential of environmental civil penalties by reference to the recent report by Woods and Macrory (The Centre for Law and the Environment, UCL) "Environmental civil penalties - a more proportionate response to regulatory breach", which represents a further and important contribution to the body of research into environmental justice currently being carried out by DEFRA.
590 ## - LOCAL NOTE (RLIN)
Local note IKA190505
690 ## - LOCAL SUBJECT ADDED ENTRY--TOPICAL TERM (OCLC, RLIN)
Topical term or geographic name as entry element ENVIRONMENTAL AND LAND CONSULTANCY-ENVIRONMENTAL MANAGEMENT
700 ## - ADDED ENTRY--PERSONAL NAME
Personal name Thompson, Katharine
700 ## - ADDED ENTRY--PERSONAL NAME
Personal name Jones, Brian
856 ## - ELECTRONIC LOCATION AND ACCESS
Uniform Resource Identifier <a href="https://www.ucl.ac.uk/laws/environment/images/cpreport.pdf">https://www.ucl.ac.uk/laws/environment/images/cpreport.pdf</a>
Public note View the report free of charge at www.ucl.ac.uk...
942 ## - ADDED ENTRY ELEMENTS (KOHA)
Suppress in OPAC 0
Holdings
Withdrawn status Lost status Source of classification or shelving scheme Damaged status Not for loan Home library Current library Shelving location Date acquired Total Checkouts Full call number Barcode Date last seen Copy number Price effective from Koha item type
    Dewey Decimal Classification     London London Journal article 10/05/2005   L129668 129668-1001 06/08/2019 1 06/08/2019 Journal article